Switzerland Euro Squad 2016 - Statistics

General Stats
  • This quiz has been taken 277 times
  • The average score is 13 of 23
Answer Stats
Number Post Player Club % Correct
1 GK Yan Sommer Borussia M'Gladbach
95%
23 MF Xherdan Shaqiri Stoke City
93%
10 MF Granit Xhaka Borussia M'Gladbach
86%
21 GK Roman Bürki Borussia Dortmund
83%
2 DF Stephan Lichtsteiner Juventus
81%
13 DF Ricardo Rodriguez VfL Wolfsburg
70%
7 ST Breel Embolo FC Basel
69%
9 ST Haris Seferovic Eintracht Frankfurt
69%
22 DF Fabian Schär Hoffenheim
62%
12 GK Marwin Hitz FC Augsburg
61%
11 MF Valon Behrami Watford
61%
15 MF Blerim Džemaili Genoa CFC
57%
20 DF Johan Djourou Hamburger SV
56%
18 ST Admir Mehmedi Bayer Leverkusen
55%
4 DF Nico Elvedi Borussia M'Gladbach
52%
16 MF Gelson Fernandes Stade Rennais
43%
6 DF Michael Lang FC Basel
41%
19 ST Eren Derdiyok Kasimpasa
35%
3 DF François Moubandje Toulouse FC
35%
14 MF Denis Zakaria BSC Young Boys
33%
8 MF Fabian Frei FSV Mainz
33%
5 DF Steve von Bergen BSC Young Boys
30%
17 ST Shani Tarashaj Grasshopper
11%
No matching quizzes found
Score Distribution
Percent of People with Each Score
Percentile by Number Answered
Your Score History
You have not taken this quiz